000 00888nam a2200289 i 4500
001 bgj
245 1 0 _aDuden :
_bdas Bildwörterbuch /
_chrsg. von der Dudenredaktion ; [Projektleitung Karin Rautman unter Mitwirkung von Werner Scholze-Stubenrecht].
246 _aDas |Bildwörterbuch
250 _aWyd. 6.
260 _aMannheim :
_bDudenverlag,
_c2005.
300 _a989, [3] s. :
_bil. ;
_c20 cm.
490 0 _aDer Duden in zwölf Bänden ;
_vBd. 3
650 9 _aJęzyk niemiecki
655 _aSłowniki
700 1 _aRAUTMAN, Karin.
700 1 _aSCHOLZE-STUBENRECHT, Werner.
710 _aDudenredaktion (Bibliographisches Institut)
830 _aDuden in 12 Bänden
020 _a341104036X
040 _cBPK
041 0 _ager
044 _aDEU
080 _a811.112.2(03)
920 _a3-411-04036-X
942 _cKS
008 s gw f |000 0 ger
999 _c49533
_d49533
856 _uhttp://koha.tu.koszalin.pl/cgi-bin/koha/opac-detail.pl?biblionumber=49533
_yKatalog online BPK